BLACKPINK - Chansons de l'album DEADLINE - Statistiques

Statistiques générales
  • Ce quiz a été pris 105 fois
  • Le résultat moyen est 5 sur 5
Statistiques - réponses
Hint Réponse % Correct
DEADLINE 1 JUMP
97%
DEADLINE 4 Champion
94%
DEADLINE 2 Go
94%
DEADLINE 3 Me and My
88%
DEADLINE 5 Fxxxboy
83%
Aucun quiz correspondant
Distribution des résultats
% des personnes avec chaque résultat
Percentile par nombre de réponses
Votre historique - résultats
Vous n’avez pas pris ce quiz